Modelo de análisis de marcos rellenos
में बचाया:
| मुख्य लेखक: | |
|---|---|
| स्वरूप: | पुस्तक |
| प्रकाशित: |
San José, Costa Rica
1989
|
| विषय: | |
| टैग: |
टैग जोड़ें
कोई टैग नहीं, इस रिकॉर्ड को टैग करने वाले पहले व्यक्ति बनें!
|
MARC
| LEADER | 00000nam a2200000Ia 4500 | ||
|---|---|---|---|
| 003 | 004748 | ||
| 005 | 20221231144338.0 | ||
| 008 | 140114s1989 cr a m 000 ||s d | ||
| 040 | |c cru CEDI | ||
| 090 | |a TFG 2212 | ||
| 100 | |a Picado Maykall, Rosella |9 13307 | ||
| 245 | |a Modelo de análisis de marcos rellenos | ||
| 260 | |c 1989 |a San José, Costa Rica | ||
| 300 | |a 94 hojas : ilustraciones ; 28 cm | ||
| 500 | |a Proyecto de graduacion (licenciatura en ingeniería civil)--Universidad de Costa Rica. Facultad de Ingeniería. Escuela de Ingeniería Civil | ||
| 650 | |x MAMPOSTERIA |x MARCOS ESTRUCTURALES |9 13308 | ||
| 942 | |c TFG | ||
| 999 | |c 20499 |d 20499 | ||
